000 01305cab a2200361 4500
001 ABS54011
008 090401t1995 xxu||||| |||| 00| 0 eng d
035 _a(Sirsi) u7871
041 _aeng
100 _aTurner, N.
245 _aCriminal liability for damage
260 _c1995
350 _a0
490 _aEstates Gazette
_v(9547) 25 November 1995, 143-145(3)
520 _aExplains how landlords, who can be held liable for environmental pollution caused by their tenants, can minimise their own risk by taking into account the Use Class of the property, being aware of the legal obligations and facts, using more restrictive convenants and encouraging tenants to develop environmental management systems.
650 _aCONTAMINATED LAND
650 _aENVIRONMENTAL LIABILITY
650 _aENVIRONMENTAL MANAGEMENT
650 _aENVIRONMENTAL PERFORMANCE
650 _aENVIRONMENTAL PROTECTION ACT 1990
650 _aLANDLORD LIABILITY
650 _aLIABILITY
650 _aPOLLUTION
650 _aTENANTS
650 _aUSE CLASSES
650 _aWATER RESOURCES ACT 1991
690 _aENVIRONMENTAL AND LAND CONSULTANCY
690 _aLANDLORD AND TENANT-BUSINESS TENANCIES
700 _aPapanicolaou, C.
700 _aGronow, S.
942 _n0
948 _c04/03/1997
999 _c4790
_d4790